Statistics for States/Provinces Where NHL Hockey Players Are From

Click here to take the quiz!

General Stats

  • This quiz has been taken 511 times
  • The average score is 9 of 14

Answer Stats

#State/Province% Correct
131New York
85%
2330Ontario
85%
837Quebec
84%
604Alberta
78%
394British Columbia
78%
282Minnesota
71%
396Manitoba
67%
180Michigan
67%
517Saskatchewan
61%
47California
57%
75Nova Scotia
51%
204Massachusetts
48%
52New Brunswick
41%
72Illinois
39%

Score Distribution

Percentile by Number Answered

Percent of People with Each Score

Your Score History

You have not taken this quiz